[Event "Sparkassen-Open A"]
[Site "Heusenstamm, Martinsee"]
[Date "2025.11.21"]
[Round "2.64"]
[White "Fischermann, Simon"]
[Black "Lu, Yunong Elias"]
[Result "1/2-1/2"]
[WhiteElo "1916"]
[BlackElo "2060"]
[PlyCount "57"]
[EventDate "2025.11.20"]
[WhiteTeam "SG Porz e. V."]
[BlackTeam "Hamburger SK von 1830 eV"]

1. e4 e5 2. Nf3 Nf6 3. Nxe5 d6 4. Nf3 Nxe4 5. Nc3 Nxc3 6. dxc3 Be7 7. Bd3 Nd7 8. Be3 O-O 9. h4 h6 10. Qd2 Ne5 11. O-O-O Nxd3+ 12. Qxd3 Bf6 13. Ng5 g6 14. Nf3 Bg7 15. h5 g5 16. Nd4 d5 17. Nf5 Bxf5 18. Qxf5 c6 19. f4 Re8 20. Rhe1 Qf6 21. Qxf6 Bxf6 22. fxg5 Bxg5 23. Bxg5 hxg5 24. g4 Kg7 25. Kd2 f6 26. Rxe8 Rxe8 27. Rc1 Re1 28. Kxe1 Kh6 29. Kf2 1/2-1/2

[Event "Sparkassen-Open A"]
[Site "Heusenstamm, Martinsee"]
[Date "2025.11.21"]
[Round "2.65"]
[White "Fang, Borui"]
[Black "Artola Pola, Gerardo"]
[Result "0-1"]
[WhiteElo "1902"]
[BlackElo "1944"]
[PlyCount "108"]
[EventDate "2025.11.20"]
[WhiteTeam "SV Oberursel"]
[BlackTeam "Sabt Frankfurter TV 1860"]

1. e4 d6 2. Nf3 Nf6 3. Nc3 g6 4. Bc4 Bg7 5. d3 O-O 6. Be3 c6 7. Bb3 Qc7 8. Qd2 Re8 9. h4 b5 10. Bh6 a5 11. h5 e6 12. a3 Na6 13. Bxg7 Kxg7 14. Qg5 Qe7 15. hxg6 fxg6 16. e5 dxe5 17. Qh6+ Kg8 18. Nxe5 Nc5 19. d4 Nxb3 20. cxb3 Qg7 21. Qh4 Bb7 22. O-O-O b4 23. Na4 bxa3 24. bxa3 c5 25. Nxc5 Bxg2 26. Rhg1 Bd5 27. Rd3 Nh5 28. Qg5 Rf8 29. Qd2 Rac8 30. Rg5 Rf5 31. Rxf5 exf5 32. Qxa5 Nf4 33. Re3 Ne6 34. Qc3 f4 35. Re1 g5 36. b4 g4 37. Rg1 h5 38. a4 Ng5 39. Qd2 Qf6 40. Kb2 Ne4 41. Ned7 Qd6 42. Qd3 Nxc5 43. Nxc5 Bf7 44. a5 Qd5 45. Ra1 g3 46. fxg3 Qg2+ 47. Kc3 fxg3 48. Qf5 Re8 49. Qg5+ Kh7 50. Nd3 Rc8+ 51. Nc5 Qf3+ 52. Kd2 Re8 53. Nd3 Qe2+ 54. Kc3 Rc8+ 0-1

[Event "Sparkassen-Open A"]
[Site "Heusenstamm, Martinsee"]
[Date "2025.11.21"]
[Round "2.66"]
[White "Schröder, Jürgen"]
[Black "Büse, Ralf"]
[Result "1/2-1/2"]
[WhiteElo "2013"]
[BlackElo "1923"]
[PlyCount "44"]
[EventDate "2025.11.20"]
[WhiteTeam "SC Matt im Park Ffm"]
[BlackTeam "SC Ladja Roßdorf"]

1. e4 e6 2. d3 c5 3. f4 d5 4. Be2 Nc6 5. Nf3 g6 6. O-O Bg7 7. c3 Nge7 8. Na3 O-O 9. Nc2 a5 10. a4 b6 11. e5 d4 12. c4 Nb4 13. Nxb4 axb4 14. Ng5 f6 15. exf6 Bxf6 16. Ne4 Bg7 17. Bf3 Ra7 18. Qe2 Nf5 19. g3 Qe8 20. h3 Ne3 21. Rf2 e5 22. fxe5 Qxe5 1/2-1/2

[Event "Sparkassen-Open A"]
[Site "Heusenstamm, Martinsee"]
[Date "2025.11.21"]
[Round "2.67"]
[White "Arne, Jonas"]
[Black "Höller, Armin"]
[Result "0-1"]
[WhiteElo "1896"]
[BlackElo "1973"]
[PlyCount "68"]
[EventDate "2025.11.20"]
[WhiteTeam "SK Kaiserslautern 1905"]
[BlackTeam "SK Weilheim e.V."]

1. d4 e6 2. e4 d5 3. Nc3 Nf6 4. e5 Nfd7 5. f4 c5 6. Nf3 Nc6 7. Be3 a6 8. Ne2 Be7 9. g3 b5 10. Bg2 b4 11. O-O O-O 12. c3 a5 13. Nd2 Ba6 14. f5 Bg5 15. Bf2 bxc3 16. bxc3 Rb8 17. Rb1 cxd4 18. cxd4 Nb4 19. h4 Be7 20. Be3 Bd3 21. f6 gxf6 22. Bh6 fxe5 23. Bxf8 Qxf8 24. Rb2 Qg7 25. a3 Nc6 26. Rxb8+ Ndxb8 27. Nf3 e4 28. Ne1 Bxe2 29. Qxe2 Nxd4 30. Qf2 Nbc6 31. Nc2 Bd6 32. Nxd4 Qxd4 33. Qxd4 Nxd4 34. Rd1 Bxa3 0-1

[Event "Sparkassen-Open A"]
[Site "Heusenstamm, Martinsee"]
[Date "2025.11.21"]
[Round "2.68"]
[White "Steinbrenner, Peter"]
[Black "Feick, Claas Marten"]
[Result "1/2-1/2"]
[WhiteElo "2005"]
[BlackElo "1904"]
[PlyCount "167"]
[EventDate "2025.11.20"]
[WhiteTeam "SK Kaiserslautern 1905"]
[BlackTeam "SF Neuberg"]

1. d4 Nf6 2. Nc3 d5 3. Bf4 c5 4. e3 cxd4 5. exd4 a6 6. Bd3 Nc6 7. Nce2 e6 8. Nf3 Bd6 9. Bg3 O-O 10. O-O Qc7 11. c3 Bd7 12. Re1 Rfb8 13. Bxd6 Qxd6 14. Ng3 Ne7 15. Ne5 Ng6 16. Nh5 Ne8 17. Qf3 Nxe5 18. dxe5 Qe7 19. Qg3 h6 20. h4 Bb5 21. Bc2 Rc8 22. a4 Bd7 23. Bd3 b5 24. Qg4 bxa4 25. Re3 Bb5 26. Rg3 Qf8 27. Bc2 Rc4 28. Qf3 Kh8 29. Nxg7 Qe7 30. Nf5 exf5 31. Qxf5 Re4 32. Bxe4 dxe4 33. Qxe4 Rd8 34. Qf4 Qe6 35. Re1 Ng7 36. Qg4 Qxg4 37. Rxg4 Rd2 38. Rb4 Ne6 39. Re3 Nc5 40. Rg3 Kh7 41. h5 Re2 42. Rf4 Be8 43. Rc4 Re1+ 44. Kh2 Rxe5 45. Rh4 Bc6 46. Kg1 f5 47. Rg6 Be8 48. Rb6 Bf7 49. Rd4 Bxh5 50. Rdd6 Bf7 51. Rxh6+ Kg7 52. Rhc6 Nd3 53. Rc7 Re1+ 54. Kh2 Nxf2 55. Rbb7 Rh1+ 56. Kg3 Ne4+ 57. Kf4 Nd6 58. Ra7 Kf6 59. Rxa6 Rf1+ 60. Kg3 Ke5 61. Ra5+ Ke6 62. Rxa4 Rb1 63. Rb4 Ne4+ 64. Kh2 Kf6 65. Rb6+ Be6 66. Rcc6 Ng5 67. b4 Ke5 68. Rc5+ Kf4 69. Rd6 Bb3 70. Rd4+ Ne4 71. Ra5 Be6 72. Rd3 Rf1 73. b5 Bc4 74. Rf3+ Rxf3 75. gxf3 Kxf3 76. b6 Nd6 77. Rxf5+ Ke4 78. Rc5 Ba6 79. c4 Nb7 80. Rc7 Kd4 81. Kg3 Nc5 82. Kf4 Kxc4 83. b7 Bxb7 84. Rxb7 1/2-1/2

[Event "Sparkassen-Open A"]
[Site "Heusenstamm, Martinsee"]
[Date "2025.11.21"]
[Round "2.69"]
[White "Arkhipenko, Denis"]
[Black "Meyer-Kahlen, Stefan"]
[Result "1/2-1/2"]
[WhiteElo "1804"]
[BlackElo "1975"]
[PlyCount "32"]
[EventDate "2025.11.20"]
[WhiteTeam "SC Heusenstamm"]
[BlackTeam "SC Erkrath 1973"]

1. d4 Nf6 2. Bf4 d5 3. e3 e6 4. Nd2 Bd6 5. Bg3 O-O 6. Bd3 c5 7. c3 Qc7 8. Ngf3 Nbd7 9. O-O Bxg3 10. h4 e5 11. e4 dxe4 12. Nxe4 Nxe4 13. Bxe4 Nf6 14. Qc2 cxd4 15. cxd4 Qxc2 16. Bxc2 exd4 1/2-1/2

[Event "Sparkassen-Open A"]
[Site "Heusenstamm, Martinsee"]
[Date "2025.11.21"]
[Round "2.70"]
[White "Heppert, Lars"]
[Black "Karaissaridis, Christos"]
[Result "1-0"]
[WhiteElo "2001"]
[BlackElo "1909"]
[PlyCount "57"]
[EventDate "2025.11.20"]
[WhiteTeam "SK Neuburg"]
[BlackTeam "SK 1947 Sandhausen e.V."]

1. d4 g6 2. e4 d6 3. f4 Nf6 4. Nc3 Bg7 5. Bd3 O-O 6. Nf3 Nc6 7. e5 dxe5 8. dxe5 Nd5 9. Nxd5 Qxd5 10. Qe2 Bg4 11. Be4 Qa5+ 12. Bd2 Qb6 13. O-O-O Nb4 14. Kb1 Be6 15. Bxb4 Qxb4 16. Rd4 Qa5 17. a3 f6 18. exf6 Rxf6 19. Ng5 c5 20. Rd3 c4 21. Rd4 Kh8 22. c3 Bg8 23. Bxb7 Rb8 24. Qxe7 Rxb7 25. Qxb7 Rb6 26. Nf7+ Bxf7 27. Qxf7 Rb8 28. Qxc4 Qxa3 29. Rd8+ 1-0

[Event "Sparkassen-Open A"]
[Site "Heusenstamm, Martinsee"]
[Date "2025.11.21"]
[Round "2.71"]
[White "Kirchmann, Sascha"]
[Black "Dolidze, David"]
[Result "0-1"]
[WhiteElo "1890"]
[BlackElo "1997"]
[PlyCount "110"]
[EventDate "2025.11.20"]
[WhiteTeam "SAbt SU Mühlheim"]
[BlackTeam "SC Eschborn 1974"]

1. e4 c6 2. d4 d5 3. e5 Bf5 4. Ne2 e6 5. Ng3 Bg6 6. h4 h5 7. Bd3 Bxd3 8. cxd3 Qb6 9. Be3 Qxb2 10. Nd2 Qc3 11. Rb1 b6 12. Rb3 Qa5 13. Qc2 Ne7 14. O-O Nd7 15. Nf3 Rc8 16. Rfb1 Qa6 17. Rc3 b5 18. Rc1 Qb7 19. a4 b4 20. Rb3 a5 21. Qd2 Ng6 22. Rbb1 Nb6 23. Ra1 Be7 24. Bg5 Bxg5 25. hxg5 Ne7 26. Nh4 g6 27. Qf4 Nd7 28. Qe3 O-O 29. Ne2 Qb8 30. f4 Rfe8 31. Kf2 Nf5 32. Nxf5 exf5 33. Rc2 Nf8 34. Nc1 Ne6 35. Nb3 Qb6 36. Rac1 Re7 37. g3 Rec7 38. Kf3 c5 39. Nxc5 Nxc5 40. dxc5 Qc6 41. Qd4 Qxa4 42. Qxd5 Rd7 43. Qc4 Rcd8 44. Rd2 Qc6+ 45. Kf2 Rd4 46. Qc2 a4 47. Ra1 b3 48. Qc3 h4 49. Rc1 h3 50. Ke3 h2 51. Rxh2 Rxd3+ 52. Qxd3 Rxd3+ 53. Kxd3 Qe4+ 54. Kc3 Qe3+ 55. Kb2 a3+ 0-1

[Event "Sparkassen-Open A"]
[Site "Heusenstamm, Martinsee"]
[Date "2025.11.21"]
[Round "2.72"]
[White "von Auer, Ulrich"]
[Black "Weil, Michael"]
[Result "1/2-1/2"]
[WhiteElo "1997"]
[BlackElo "1907"]
[PlyCount "69"]
[EventDate "2025.11.20"]
[WhiteTeam "SV Oberursel"]
[BlackTeam "SC Steinbach"]

1. d4 d5 2. c4 e6 3. Nf3 c6 4. Qc2 Bd6 5. Bg5 Nf6 6. e3 Qa5+ 7. Nc3 Ne4 8. Bf4 Bb4 9. Rc1 Qxa2 10. Bd3 Nxc3 11. bxc3 Qxc2 12. Rxc2 Be7 13. O-O dxc4 14. Bxc4 Nd7 15. Ra1 h6 16. Bd3 g5 17. Bc7 Bd8 18. Bd6 Be7 19. Bg3 h5 20. h3 g4 21. hxg4 hxg4 22. Nd2 f5 23. Rca2 a6 24. c4 c5 25. Rc1 cxd4 26. exd4 Bg5 27. Bd6 Be7 28. Bxe7 Kxe7 29. c5 Kf6 30. Nc4 Ra7 31. Nd6 Nb8 32. Nb5 Ra8 33. Nc7 Ra7 34. Nb5 Ra8 35. Nc7 1/2-1/2

[Event "Sparkassen-Open A"]
[Site "Heusenstamm, Martinsee"]
[Date "2025.11.21"]
[Round "2.73"]
[White "Voss, Georg"]
[Black "Müller, Mark"]
[Result "0-1"]
[WhiteElo "1886"]
[BlackElo "1995"]
[PlyCount "84"]
[EventDate "2025.11.20"]
[WhiteTeam "SV Meschede e. V."]
[BlackTeam "SC Königsflügel Lindenholzhausen"]

1. e4 c5 2. c3 e6 3. d4 d5 4. exd5 exd5 5. Nf3 Bd6 6. dxc5 Bxc5 7. Be2 Ne7 8. O-O O-O 9. a4 Bg4 10. Nbd2 Nbc6 11. Nb3 Bb6 12. Nfd4 Bxe2 13. Nxe2 Ne5 14. Nbd4 Rc8 15. Ng3 Qd7 16. a5 Bc7 17. Bg5 f6 18. Bd2 f5 19. Nh5 N7c6 20. Nxc6 bxc6 21. Bf4 g6 22. Ng3 Nc4 23. Bxc7 Qxc7 24. b4 f4 25. Ne2 f3 26. gxf3 Rxf3 27. Kg2 Rcf8 28. Qd4 Qf7 29. Ng3 Rf4 30. Qc5 Nd2 31. Ra2 Nxf1 32. Kxf1 h5 33. Rd2 h4 34. Nh1 Rc4 35. Qe3 Re8 36. Qg5 Qf5 37. Qxf5 gxf5 38. Rd3 d4 39. cxd4 Re4 40. Rf3 Rcxd4 41. Rxf5 Rd1+ 42. Kg2 Ree1 0-1

[Event "Sparkassen-Open A"]
[Site "Heusenstamm, Martinsee"]
[Date "2025.11.21"]
[Round "2.74"]
[White "Müller, Maximilian"]
[Black "Gundel, Julian"]
[Result "0-1"]
[WhiteElo "1989"]
[BlackElo "1894"]
[PlyCount "60"]
[EventDate "2025.11.20"]
[WhiteTeam "SVG Saarbrücken 1970 e.V."]
[BlackTeam "SV Königsspringer 1929 Großauhei"]

1. e4 g6 2. d4 Bg7 3. Nc3 c6 4. h3 d5 5. e5 f6 6. f4 Nh6 7. Be3 Qb6 8. b3 Be6 9. Qd2 Nd7 10. g4 Nf7 11. Nf3 O-O-O 12. Rg1 fxe5 13. dxe5 Qc7 14. Nd4 Nf8 15. Ncb5 cxb5 16. Nxb5 Nxe5 17. fxe5 Qxe5 18. Kf2 Qxa1 19. Nxa7+ Kb8 20. Nc6+ bxc6 21. Qa5 Rd7 22. Ba6 Qf6+ 23. Kg3 Bxg4 24. hxg4 Qd6+ 25. Kg2 d4 26. Qb6+ Ka8 27. Bf4 e5 28. Bd2 Ne6 29. Kh2 Qd5 30. Kh3 Rb8 0-1

[Event "Sparkassen-Open A"]
[Site "Heusenstamm, Martinsee"]
[Date "2025.11.21"]
[Round "2.75"]
[White "Röß, Jonas"]
[Black "Stein, Tobias"]
[Result "1/2-1/2"]
[WhiteElo "1882"]
[BlackElo "1993"]
[PlyCount "54"]
[EventDate "2025.11.20"]
[WhiteTeam "SV Würzburg von 1865 e.V."]
[BlackTeam "SV Alsfeld"]

1. e4 c5 2. Nf3 d6 3. d4 cxd4 4. Nxd4 Nf6 5. Nc3 a6 6. h3 e5 7. Nde2 Be7 8. g4 h6 9. Bg2 Nc6 10. Be3 Be6 11. Nd5 Bxd5 12. exd5 Na5 13. b3 b5 14. f4 Nd7 15. O-O O-O 16. Qd2 Bf6 17. Rad1 Rc8 18. f5 Nb7 19. Ng3 Bg5 20. Nh5 Bxe3+ 21. Qxe3 Qb6 22. Qxb6 Nxb6 23. Rd2 Rc3 24. Rf3 Rfc8 25. Rxc3 Rxc3 26. Kf2 Nc5 27. Ng3 Nb7 1/2-1/2

[Event "Sparkassen-Open A"]
[Site "Heusenstamm, Martinsee"]
[Date "2025.11.21"]
[Round "2.76"]
[White "Zargaran, Sepas"]
[Black "Pötschke, Wolfgang"]
[Result "1-0"]
[WhiteElo "1880"]
[BlackElo "1990"]
[PlyCount "105"]
[EventDate "2025.11.20"]
[WhiteTeam "VSG 1880 Offenbach"]
[BlackTeam "SC Flörsheim 1921"]

1. e4 c6 2. d4 d5 3. e5 Bf5 4. Na3 e6 5. g4 Bg6 6. Ne2 c5 7. h4 h5 8. Nf4 Bh7 9. g5 Bf5 10. Nxh5 cxd4 11. Nb5 Nc6 12. Ng3 Bh7 13. Nxd4 Nge7 14. f4 Nxd4 15. Qxd4 Nc6 16. Qf2 Qc7 17. c3 Be7 18. Be3 b6 19. h5 O-O-O 20. Be2 Kb7 21. O-O Nb8 22. a4 Bc5 23. b4 Bxe3 24. Qxe3 Nc6 25. Qf3 Kb8 26. Rfe1 a5 27. Bb5 Qb7 28. Ne2 Be4 29. Qg4 Bf5 30. Qf3 Be4 31. Qh3 Bf5 32. Bxc6 Bxh3 33. Bxb7 Kxb7 34. bxa5 bxa5 35. Rab1+ Ka6 36. Rb5 Rb8 37. Rxb8 Rxb8 38. Kf2 Rb2 39. h6 gxh6 40. gxh6 Bf5 41. Rh1 Bh7 42. Ke3 Rb8 43. Nd4 Rg8 44. Nf3 Be4 45. Rh3 Bf5 46. Rh2 Rh8 47. Ng5 Bg6 48. h7 Kb6 49. Kd4 Kc6 50. Rh6 Kd7 51. Kc5 Ke7 52. c4 dxc4 53. Kxc4 1-0

[Event "Sparkassen-Open A"]
[Site "Heusenstamm, Martinsee"]
[Date "2025.11.21"]
[Round "2.77"]
[White "Goldinov, Daniel"]
[Black "Lotz, Ralf"]
[Result "1-0"]
[WhiteElo "1931"]
[BlackElo "1889"]
[PlyCount "65"]
[EventDate "2025.11.20"]
[WhiteTeam "Stuttgarter SF 1879"]
[BlackTeam "SC 1952 Obertshausen"]

1. e4 e5 2. Nf3 Nc6 3. d4 Nxd4 4. Nxd4 exd4 5. Qxd4 Qf6 6. Qd3 Bc5 7. f3 Qd4 8. Qxd4 Bxd4 9. Nc3 c6 10. Bf4 b5 11. O-O-O Bc5 12. h4 h5 13. e5 f5 14. Bd3 Ne7 15. Bg5 O-O 16. Kb1 a5 17. Ne2 Nd5 18. Bxb5 Ne3 19. Bxe3 Bxe3 20. Bc4+ Kh7 21. Rd3 Bc5 22. Nf4 Kh6 23. Rhd1 Rb8 24. Nh3 Re8 25. f4 Rb4 26. b3 Be7 27. Ng5 Bxg5 28. hxg5+ Kh7 29. a3 Rb6 30. Bf7 Re7 31. g6+ Kh6 32. Rh1 Ba6 33. c4 1-0

[Event "Sparkassen-Open A"]
[Site "Heusenstamm, Martinsee"]
[Date "2025.11.21"]
[Round "2.78"]
[White "Winand, Edgar"]
[Black "Werner, Florin"]
[Result "0-1"]
[WhiteElo "1876"]
[BlackElo "1912"]
[PlyCount "60"]
[EventDate "2025.11.20"]
[WhiteTeam "SVKT Bad Camberg 2025"]
[BlackTeam "VSG 1880 Offenbach"]

1. g4 d5 2. Bg2 Bxg4 3. c4 c6 4. cxd5 cxd5 5. Nc3 Nf6 6. Qb3 Nc6 7. Nxd5 Rc8 8. Nxf6+ exf6 9. Nf3 Nb4 10. O-O Be7 11. Qa4+ Bd7 12. Qb3 Be6 13. Qa4+ Kf8 14. d3 Nc2 15. Be3 Nxa1 16. Rxa1 h5 17. Bxa7 h4 18. Nd4 Bd5 19. e4 h3 20. Bf3 Bc6 21. Nxc6 Rxc6 22. Be3 Rh4 23. Be2 f5 24. f3 Rg6+ 25. Kh1 Rg2 26. Qd1 Bd6 27. Bg1 Qg5 28. Qf1 Qf4 29. Qxg2 hxg2+ 30. Kxg2 Rxh2+ 0-1

[Event "Sparkassen-Open A"]
[Site "Heusenstamm, Martinsee"]
[Date "2025.11.21"]
[Round "2.79"]
[White "Tremöhlen, Thomas"]
[Black "Faßler, Felix"]
[Result "1-0"]
[WhiteElo "1986"]
[BlackElo "1859"]
[PlyCount "73"]
[EventDate "2025.11.20"]
[WhiteTeam "SPORTGEM Kaarst 1912/35"]
[BlackTeam "SC Fulda"]

1. Nf3 d5 2. b3 c5 3. Bb2 f6 4. e3 e5 5. Nxe5 fxe5 6. Qh5+ Ke7 7. Qxe5+ Be6 8. f4 Nc6 9. Qc3 Kf7 10. Be2 Nf6 11. O-O d4 12. Qd3 Nb4 13. Qb5 Qb6 14. f5 Bd5 15. Na3 Qxb5 16. Bxb5 a6 17. Bd3 Nxd3 18. cxd3 dxe3 19. dxe3 b5 20. e4 Bb7 21. Rfe1 Rd8 22. Rad1 Be7 23. h3 h5 24. Nb1 h4 25. Nc3 Nh5 26. Ne2 c4 27. bxc4 bxc4 28. Nd4 cxd3 29. Ne6 Rd7 30. e5 Rc8 31. Nxg7 Nxg7 32. e6+ Nxe6 33. fxe6+ Ke8 34. exd7+ Kxd7 35. Rxd3+ Bd6 36. Ba3 Rc6 37. Red1 1-0

[Event "Sparkassen-Open A"]
[Site "Heusenstamm, Martinsee"]
[Date "2025.11.21"]
[Round "2.80"]
[White "Hasenpflug, Till"]
[Black "Pauls, Wilhelm"]
[Result "0-1"]
[WhiteElo "1868"]
[BlackElo "1984"]
[PlyCount "116"]
[EventDate "2025.11.20"]
[WhiteTeam "SK Bad Homburg 1927"]
[BlackTeam "SPORTGEM Kaarst 1912/35"]

1. e4 e5 2. Nf3 Nc6 3. Bc4 Bc5 4. O-O d6 5. c3 Qe7 6. d4 Bb6 7. Ng5 Nh6 8. Bb5 O-O 9. Bxc6 bxc6 10. dxe5 dxe5 11. h3 Ba6 12. Re1 Rad8 13. Qa4 Bb5 14. Qb3 Rd3 15. Na3 Qf6 16. Qc2 Ba6 17. c4 Rfd8 18. b4 Bd4 19. Rb1 Rxa3 20. Bxa3 Qxg5 21. b5 Bc8 22. Rb3 c5 23. Bc1 Qg6 24. Kh2 f5 25. Rg3 Qe6 26. Bxh6 Qxh6 27. exf5 Qf4 28. Re4 Bxf5 29. Rxf4 Bxc2 30. Rfg4 g6 31. Ra3 Ra8 32. Kg1 Bf5 33. Rgg3 Be6 34. Ra4 e4 35. Kf1 Rf8 36. f3 e3 37. Ke2 Kg7 38. Rg4 Bxg4 39. hxg4 Ra8 40. Ra6 Kf7 41. Rc6 h5 42. Rxc7+ Kf6 43. Rc6+ Kg5 44. gxh5 gxh5 45. Ra6 Kf4 46. g3+ Kxg3 47. b6 Rb8 48. bxa7 Rb2+ 49. Kd3 Rd2+ 50. Ke4 e2 51. Rg6+ Kh4 52. a8=Q e1=Q+ 53. Kd5 Bf6+ 54. Kc6 Qe6+ 55. Kb5 Rb2+ 56. Kxc5 Be7+ 57. Kd4 Rd2+ 58. Kc3 Qe3# 0-1

[Event "Sparkassen-Open A"]
[Site "Heusenstamm, Martinsee"]
[Date "2025.11.21"]
[Round "2.81"]
[White "Inkaya, Mustafa"]
[Black "Kessler, Georg"]
[Result "1-0"]
[WhiteElo "1975"]
[BlackElo "1876"]
[PlyCount "65"]
[EventDate "2025.11.20"]
[WhiteTeam "SC Kreuzberg e.V."]
[BlackTeam "SC Sulzbach-Rosenberg"]

1. d4 Nf6 2. Nf3 e6 3. c4 d5 4. g3 Be7 5. Bg2 O-O 6. O-O c5 7. cxd5 exd5 8. dxc5 Bxc5 9. a3 a5 10. Nc3 Nc6 11. Qc2 Qe7 12. Bf4 Be6 13. Rac1 Bd6 14. Bxd6 Qxd6 15. Nb5 Qe7 16. Nbd4 Nxd4 17. Nxd4 Rfc8 18. Qb3 Ne4 19. Bxe4 dxe4 20. Nxe6 Qxe6 21. Qxe6 fxe6 22. Rfd1 Kf8 23. Kf1 Ke7 24. Ke1 e5 25. Rxc8 Rxc8 26. Rd5 Ke6 27. Rxa5 Rd8 28. Rc5 Rd7 29. g4 g6 30. Rb5 h5 31. Rb6+ Kf7 32. gxh5 gxh5 33. Rh6 1-0

[Event "Sparkassen-Open A"]
[Site "Heusenstamm, Martinsee"]
[Date "2025.11.21"]
[Round "2.82"]
[White "Ellsiepen, Luca"]
[Black "Pfarr, Michael"]
[Result "0-1"]
[WhiteElo "1866"]
[BlackElo "1969"]
[PlyCount "80"]
[EventDate "2025.11.20"]
[WhiteTeam "SK Marburg 1931/72"]
[BlackTeam "SK 1928 Mömbris"]

1. e4 c5 2. d4 cxd4 3. Qxd4 Nc6 4. Qd3 Nf6 5. Nc3 e6 6. Bf4 a6 7. e5 Qc7 8. Qc4 Nh5 9. Be3 Qxe5 10. Nf3 Qa5 11. Be2 Qb4 12. Qd3 Nf4 13. Bxf4 Qxf4 14. O-O b5 15. Rfe1 Be7 16. a4 b4 17. Ne4 d5 18. Ng3 O-O 19. Bf1 a5 20. Qd1 g6 21. Bb5 Na7 22. Ne2 Qd6 23. Ned4 Nxb5 24. Nxb5 Qb6 25. Ne5 Ba6 26. Nd7 Qb7 27. Nxf8 Bxf8 28. Nd4 Bg7 29. Qd2 Rc8 30. c3 Rc4 31. Rad1 Qb6 32. Ne2 b3 33. Ra1 Bc8 34. Nf4 Bd7 35. h3 Qc7 36. Nxd5 exd5 37. Qxd5 Bf8 38. Re5 Rc5 39. Rd1 Rxd5 40. Rexd5 Bc6 0-1

[Event "Sparkassen-Open A"]
[Site "Heusenstamm, Martinsee"]
[Date "2025.11.21"]
[Round "2.83"]
[White "Weiss, Matthias"]
[Black "Schelhorn, Paul"]
[Result "1/2-1/2"]
[WhiteElo "1980"]
[BlackElo "1871"]
[PlyCount "41"]
[EventDate "2025.11.20"]
[WhiteTeam "SF Schöneck"]
[BlackTeam "SF 1974 Heinsberg e."]

1. e4 d6 2. d4 Nf6 3. Nc3 g6 4. Be3 c6 5. Qd2 b5 6. a3 Nbd7 7. f3 a6 8. O-O-O Nb6 9. h4 a5 10. Nh3 d5 11. Bd3 Nc4 12. Bxc4 dxc4 13. d5 b4 14. Nb1 Qc7 15. dxc6 Bxh3 16. Rxh3 e5 17. Bg5 Be7 18. Bxf6 Bxf6 19. axb4 Qxc6 20. bxa5 O-O 21. Qd6 1/2-1/2

[Event "Sparkassen-Open A"]
[Site "Heusenstamm, Martinsee"]
[Date "2025.11.21"]
[Round "2.84"]
[White "Kulenovic, Adnan"]
[Black "Bäumer, Frank"]
[Result "0-1"]
[WhiteElo "1854"]
[BlackElo "1974"]
[PlyCount "58"]
[EventDate "2025.11.20"]
[WhiteTeam "Spielgemeinschaft Kinzigtal"]
[BlackTeam "SV 1932 Caissa Homburg"]

1. h4 b6 2. Nf3 Bb7 3. d3 d5 4. g3 Nd7 5. Bg2 e5 6. O-O Ngf6 7. Nbd2 Bd6 8. e3 Qe7 9. a4 a5 10. c3 Rd8 11. Qc2 Ba6 12. Re1 Nc5 13. Bf1 e4 14. dxe4 Bxf1 15. Rxf1 Ncxe4 16. Kg2 h6 17. Rh1 Nxf2 18. Re1 N2e4 19. Nf1 Qd7 20. Qe2 g5 21. Qb5 c6 22. Qxb6 gxh4 23. N3d2 Rg8 24. Nxe4 Nxe4 25. Qd4 Bxg3 26. Nxg3 Rxg3+ 27. Kf1 Qf5+ 28. Ke2 Rg2+ 29. Kd1 Qf3+ 0-1

[Event "Sparkassen-Open A"]
[Site "Heusenstamm, Martinsee"]
[Date "2025.11.21"]
[Round "2.85"]
[White "Wambach, Jürgen"]
[Black "Eitel, Luc"]
[Result "1-0"]
[WhiteElo "1976"]
[BlackElo "1855"]
[PlyCount "93"]
[EventDate "2025.11.20"]
[WhiteTeam "SK 1982 Klingenberg e.V."]
[BlackTeam "SAbt SV Werder Bremen"]

1. c4 g6 2. g3 Bg7 3. Bg2 e5 4. Nc3 Ne7 5. d3 O-O 6. h4 h5 7. g4 hxg4 8. h5 gxh5 9. Rxh5 f5 10. Bg5 c6 11. Qd2 Qe8 12. Rh2 d6 13. O-O-O Be6 14. e3 Nd7 15. Nge2 Kf7 16. f3 Rh8 17. Rdh1 Rxh2 18. Rxh2 Nf6 19. Ng3 Neg8 20. Bf1 Qf8 21. Be2 gxf3 22. Bxf3 Ke8 23. e4 f4 24. Nf5 Kd7 25. d4 Bxf5 26. exf5 Re8 27. dxe5 Rxe5 28. Qxf4 Kc7 29. Kc2 Nh7 30. Re2 Rxe2+ 31. Nxe2 Ne7 32. Bxe7 Qxe7 33. Nd4 Ng5 34. Qxg5 Bf6 35. Qd2 Qe5 36. Ne6+ Kc8 37. Qd3 Qxb2+ 38. Kd1 Qa1+ 39. Ke2 Bc3 40. Ke3 Qg1+ 41. Ke4 Qe1+ 42. Kf4 Bd2+ 43. Kg4 Qg1+ 44. Kh3 Be1 45. Qxd6 Qf1+ 46. Kg4 Qg1+ 47. Kh5 1-0

[Event "Sparkassen-Open A"]
[Site "Heusenstamm, Martinsee"]
[Date "2025.11.21"]
[Round "2.86"]
[White "Klebs, Sebastian"]
[Black "Blaschke, Henri Johannes"]
[Result "0-1"]
[WhiteElo "1845"]
[BlackElo "1970"]
[PlyCount "60"]
[EventDate "2025.11.20"]
[WhiteTeam "Karlsruher SF 1853"]
[BlackTeam "SK Vellmar 1950"]

1. e4 c5 2. Nf3 Nc6 3. Bb5 g6 4. O-O Bg7 5. Re1 e5 6. c3 Nge7 7. Na3 O-O 8. Nc2 a6 9. Bxc6 dxc6 10. d4 cxd4 11. cxd4 exd4 12. Nfxd4 Qc7 13. Qf3 c5 14. Bf4 Qb6 15. Nb3 Be6 16. Rab1 Rac8 17. Qe3 a5 18. Bh6 a4 19. Bxg7 Kxg7 20. Qc3+ Kg8 21. Nc1 Rfd8 22. Ne3 Rd4 23. Nc2 Rdd8 24. Ne3 Nc6 25. Rd1 Nd4 26. Rd2 Qc6 27. f3 b5 28. b3 b4 29. Qa1 Nxf3+ 30. gxf3 Rxd2 0-1

[Event "Sparkassen-Open A"]
[Site "Heusenstamm, Martinsee"]
[Date "2025.11.21"]
[Round "2.87"]
[White "Eichstädt, Enrico"]
[Black "Ziska, Stephan"]
[Result "1/2-1/2"]
[WhiteElo "1970"]
[BlackElo "1848"]
[PlyCount "79"]
[EventDate "2025.11.20"]
[WhiteTeam "SK Norderstedt von 1975"]
[BlackTeam "Schachforum Darmstadt 1994"]

1. e4 d5 2. exd5 Nf6 3. Nc3 Nxd5 4. Bc4 Be6 5. Qf3 c6 6. Nge2 Qd7 7. Nxd5 Bxd5 8. Bxd5 Qxd5 9. Qxd5 cxd5 10. Nc3 e6 11. d3 Bb4 12. Bd2 Nc6 13. O-O Nd4 14. a3 Bxc3 15. bxc3 Nc6 16. Rab1 b6 17. f4 O-O 18. Rb5 Ne7 19. a4 Rfc8 20. a5 bxa5 21. Rxa5 Nc6 22. Ra6 Rab8 23. Rfa1 Rb2 24. R1a2 Rxa2 25. Rxa2 a5 26. Kf2 Rb8 27. Ke3 Kf8 28. c4 dxc4 29. Bxa5 cxd3 30. cxd3 Nxa5 31. Rxa5 Rb2 32. Kf3 Rd2 33. Ra3 Ke7 34. h3 Kf6 35. g3 h6 36. Ke3 Rh2 37. h4 Rg2 38. Kf3 Rd2 39. g4 g6 40. Rb3 1/2-1/2

[Event "Sparkassen-Open A"]
[Site "Heusenstamm, Martinsee"]
[Date "2025.11.21"]
[Round "2.88"]
[White "Bogucanin, Mirsad"]
[Black "Marchese, Gaspare"]
[Result "1-0"]
[WhiteElo "1966"]
[BlackElo "1844"]
[PlyCount "123"]
[EventDate "2025.11.20"]
[WhiteTeam "VSG 1880 Offenbach"]
[BlackTeam "SC Matt im Park Ffm"]

1. Nf3 Nf6 2. d4 d6 3. c4 g6 4. Nc3 Bg7 5. e4 c6 6. Be2 Nbd7 7. O-O O-O 8. a4 e5 9. Re1 exd4 10. Nxd4 Nc5 11. f3 a5 12. Be3 Qe7 13. Qd2 Ne8 14. Bf1 Bxd4 15. Qxd4 Nb3 16. Qd3 Nxa1 17. Rxa1 Be6 18. Rd1 f5 19. Qd2 Rb8 20. Bb6 Ra8 21. Be3 Rd8 22. Bh6 Ng7 23. Bg5 Qf7 24. Bxd8 Rxd8 25. Qd4 c5 26. Qd3 f4 27. Nb5 Ne8 28. b3 b6 29. Qc2 Qf6 30. Bd3 Qg5 31. Qd2 Qe5 32. Bb1 g5 33. h3 h5 34. Qc3 Qxc3 35. Nxc3 Rd7 36. Nd5 Rb7 37. Kf2 Kg7 38. h4 Kh6 39. hxg5+ Kxg5 40. Nc3 Rd7 41. Nd5 Rb7 42. g3 fxg3+ 43. Kxg3 Kh6 44. Nf4 Re7 45. Bd3 Bf7 46. Bf1 Re5 47. Bh3 Kg5 48. Ne2 Kh6 49. Nc3 Rg5+ 50. Kf2 Rg6 51. Nb5 Rf6 52. Bd7 Nc7 53. Rxd6 Rxd6 54. Nxd6 Be6 55. Bxe6 Nxe6 56. Nf7+ Kg6 57. Ne5+ Kf6 58. Nd7+ Kg5 59. Nxb6 h4 60. Nd5 Nf4 61. Nxf4 Kxf4 62. Kg2 1-0